000 00882nam a22002777i 4500
005 20220509143259.0
008 220509t20092009 a|||e |||| 00| 0 eng d
020 _a9781841357539
_qhardback
040 _aPPAK
_beng
_cPPAK
_erda
082 0 4 _223
_a823.92
090 0 0 _a823.92
_bBOL
_dKAO
100 1 _aBolton, T. J.
_eauthor.
245 1 0 _aThe secret valley /
_cby T.J. Bolton ; Illustrated by Val Biro
264 1 _aNottinghamshire :
_bAward Publications Limited,
_c2009
264 4 _c©2009
300 _a204 pages :
_billustrations ;
_c21 cm
336 _2rdacontent
_atext
337 _2rdamedia
_aunmediated
338 _2rdacarrier
_avolume
490 1 _aA secret series adventure ;
_v6
600 1 _aBlyton, Enid
650 1 0 _aChildren's stories, English
700 1 _aBiro, Val,
_eillustrator.
830 0 _aA secret series adventure ;
_v6
942 _2ddc
_cB
999 _c187779
_d187779